Lost lettres and feminist history: (Record no. 1848594)

MARC details
000 -LEADER
fixed length control field 00794nam a22002177a 4500
005 - DATE AND TIME OF LATEST TRANSACTION
control field 20260428153432.0
008 - FIXED-LENGTH DATA ELEMENTS--GENERAL INFORMATION
fixed length control field 260428b |||||||| |||| 00| 0 eng d
020 ## - INTERNATIONAL STANDARD BOOK NUMBER
International Standard Book Number 9789354425790 (pbk)
037 ## - SOURCE OF ACQUISITION
Terms of availability REF
040 ## - CATALOGING SOURCE
Original cataloging agency CRL
Transcribing agency CRL
041 ## - LANGUAGE CODE
Source of code eng
Language code of text/sound track or separate title eng
084 ## - COLON CLASSIFICATION NUMBER
Classification number Y15z7 R0 (RR)
Assigning agency CRL
100 ## - MAIN ENTRY--PERSONAL NAME
Personal name Forbes, Geradine
9 (RLIN) 1235875
245 ## - TITLE STATEMENT
Title Lost lettres and feminist history:
Remainder of title the political friendship of Mohandas K. Gandhi and Sarala Devi Chaudhurani
260 ## - PUBLICATION, DISTRIBUTION, ETC.
Place of publication, distribution, etc. Hyderabad, India:
Name of publisher, distributor, etc. Orient Blackswan Private Limited,
Date of publication, distribution, etc. 2020.
300 ## - PHYSICAL DESCRIPTION
Extent xvii, 170p.
650 ## - SUBJECT ADDED ENTRY--TOPICAL TERM
Topical term or geographic name entry element Sociology
650 ## - SUBJECT ADDED ENTRY--TOPICAL TERM
Topical term or geographic name entry element Feminist
942 ## - ADDED ENTRY ELEMENTS (KOHA)
Source of classification or shelving scheme Colon Classification (CC)
Koha item type Reference
Classification part Y15z7 R0 (RR)
Suppress in OPAC No
Holdings
Withdrawn status Lost status Source of classification or shelving scheme Damaged status Not for loan Home library Current library Date acquired Source of acquisition Cost, normal purchase price Inventory number Total Checkouts Full call number Barcode Date last seen Price effective from Koha item type
    Colon Classification (CC)     Central Library Central Library 2026-04-28 Orient Blackswan Private Limited 595.00 000906 & 2026-03-23   Y15z7 R0 CL1926684 2026-04-28 2026-04-28 Reference
Copyright @ Delhi University Library System